|
|
|
|
| LEADER |
00000nam2a2200000 4500 |
| 001 |
211878 |
| 005 |
20231031192741.0 |
| 035 |
|
|
|a (RuTPU)RU\TPU\book\231481
|
| 035 |
|
|
|a RU\TPU\book\230697
|
| 090 |
|
|
|a 211878
|
| 100 |
|
|
|a 20120321d1967 k y0rusy50 ca
|
| 101 |
0 |
|
|a rus
|
| 102 |
|
|
|a RU
|
| 105 |
|
|
|a a z 000zy
|
| 200 |
0 |
|
|a Т. 162
|
| 210 |
|
|
|c Изд-во Томского ун-та
|d 1967
|
| 215 |
|
|
|a 278 с.
|c рис., граф., табл., схемы
|
| 461 |
|
1 |
|0 (RuTPU)RU\TPU\book\200995
|t Известия Томского политехнического института [Известия ТПИ]
|f Томский политехнический институт (ТПИ)
|v Т. 162
|d 1944-1976
|
| 601 |
0 |
2 |
|a Томский политехнический институт (ТПИ)
|c (1944-1991)
|2 stltpush
|3 (RuTPU)RU\TPU\col\1123
|
| 610 |
1 |
|
|a научные исследования
|
| 610 |
1 |
|
|a электротехника
|
| 610 |
1 |
|
|a автоматика
|
| 610 |
1 |
|
|a теплотехника
|
| 610 |
1 |
|
|a электромагнитная энергия
|
| 610 |
1 |
|
|a накопители
|
| 610 |
1 |
|
|a асинхронные электродвигатели
|
| 610 |
1 |
|
|a параметры
|
| 610 |
1 |
|
|a индукционные машины
|
| 610 |
1 |
|
|a электрические двигатели
|
| 610 |
1 |
|
|a электрические машины
|
| 610 |
1 |
|
|a изоляция
|
| 610 |
1 |
|
|a множительно-делительные устройства
|
| 610 |
1 |
|
|a теплообменники
|
| 610 |
1 |
|
|a регулирование
|
| 610 |
1 |
|
|a теплопроводность
|
| 610 |
1 |
|
|a нелинейные задачи
|
| 610 |
1 |
|
|a физика
|
| 610 |
1 |
|
|a бетатроны
|
| 610 |
1 |
|
|a излучение
|
| 610 |
1 |
|
|a радиационные интроскопы
|
| 610 |
1 |
|
|a хлористый натрий
|
| 610 |
1 |
|
|a радиационные дефекты
|
| 610 |
1 |
|
|a радиационные дефектоскопы
|
| 610 |
1 |
|
|a термическая устойчивость
|
| 610 |
1 |
|
|a щелочно-галоидные кристаллы
|
| 610 |
1 |
|
|a электрический пробой
|
| 610 |
1 |
|
|a механика
|
| 610 |
1 |
|
|a металловедение
|
| 610 |
1 |
|
|a расходомеры
|
| 610 |
1 |
|
|a вакуумный переплав
|
| 610 |
1 |
|
|a быстрорежущие стали
|
| 610 |
1 |
|
|a износостойкость
|
| 610 |
1 |
|
|a термомеханическая обработка
|
| 610 |
1 |
|
|a штамповые стали
|
| 610 |
1 |
|
|a структура
|
| 610 |
1 |
|
|a свойства
|
| 610 |
1 |
|
|a труды учёных ТПУ
|
| 675 |
|
|
|a 62
|v 3
|
| 801 |
|
1 |
|a RU
|b 63413507
|c 20090209
|g PSBO
|
| 801 |
|
2 |
|a RU
|b 63413507
|c 20200825
|g PSBO
|
| 942 |
|
|
|c BK
|